NISKO '91 International Conference on Knowledge Organization, Terminology and Information Access Management. Bratislava, 13-16 May 1991

Saved in:
Bibliographic Details
Format: Book
Language:English
Published: Bratislava NISKO, Scientific Technical Society 1991
Edition:1. vyd.
Subjects:
Tags: Add Tag
No Tags, Be the first to tag this record!

MARC

LEADER 00000nam a2200000 4500
001 c009503
005 20221214094338.6
041 0 |a eng 
044 |a SK 
245 1 0 |a NISKO '91  |b International Conference on Knowledge Organization, Terminology and Information Access Management. Bratislava, 13-16 May 1991 
250 |a 1. vyd. 
264 1 |a Bratislava  |b NISKO, Scientific Technical Society  |c 1991 
300 |a 192 s. 
610 2 0 |a manažment 
610 2 0 |a informácie 
610 2 0 |a veda 
610 2 0 |a terminológia